MARC

LEADER 00000nam0a2200000 4500
001 266653
005 20231101234023.0
020 |a RU  |b 86-95894 
035 |a (RuTPU)RU\TPU\book\289673 
090 |a 266653 
100 |a 20140714d1986 km y0rusy5003 ca 
101 0 |a rus 
102 |a RU 
105 |a a z 001zb 
200 1 |a Бау Ямпилов  |f О. Куницын 
205 |a 2-е изд., перераб. и доп. 
210 |a Москва  |c Советский композитор  |d 1986 
215 |a 112 с.  |c нот. ил. 
225 1 |a Портреты советских композиторов 
300 |a На обл. авт. не указан 
320 |a Ст. и выступления Б. Ямпилова, лит. о нем: с. 111-112 
320 |a Нотогр.: с. 107-111 
600 1 |a Ямпилов  |b Б.  |c советский бурятский композитор  |c дирижер  |f 1916-1989  |g Бау  |2 stltpush  |3 (RuTPU)RU\TPU\pers\36127 
606 1 |a Композиторы  |2 stltpush  |3 (RuTPU)RU\TPU\subj\15032  |9 41330 
610 1 |a советская музыка 
610 1 |a Бурятия 
610 1 |a дирижеры 
610 1 |a музыкальная культура 
610 1 |a музыкальные произведения 
610 1 |a 20 век 
610 1 |a история 
675 |a 78.071.1(092)  |z rus  |v 3 
700 1 |a Куницын  |b О. И.  |g Олег Иосифович  |4 070 
801 0 |a RU  |b RuMRKP  |c 19950417  |g psbo 
801 1 |a RU  |b 63413507  |c 20140714 
801 2 |a RU  |b 63413507  |c 20170217  |g RCR 
942 |c BK